Ľahký harcovník

Bibliographic Details
Main Author: Moravčík, Štefan, 1943- (Author)
Format: Article
Language:Slovak
PhysicalDescription:Fotogr.
ISSN:1335-180X
Subjects:

MARC

LEADER 00000nab a2200000 a 4500
001 vtls000668272
003 SK-MaSNL
005 20260304094928.0
008 250425c1998 xo 0 slo
015 |a SNBRB1998/07-18709 
035 |a CLN000020453 
035 |a urn:nbn:sk:snk-ab7ea9 
035 |a (uuid)f43c1edc-a1a6-4c9c-8573-9ea7ee5feca9 
035 |a (urnnbn)urn:nbn:sk:snk:ar-a07wrv 
035 |a (sysno)vtls000668272 
040 |a SNKBUCL  |b slo  |c SNKBUCL  |e AACR2 
041 0 |a slo 
044 |a xo  |c SK 
080 |a 82.09:885.4-1  |2 1997 
080 |a 885.4-1.09  |2 1997 
100 1 |a Moravčík, Štefan,  |d 1943-  |4 aut  |9 98697 
245 1 0 |a Ľahký harcovník  |c Štefan Moravčík 
300 |b Fotogr. 
600 1 7 |a Bančej, Maroš,  |d 1960-2019  |t Vampiriáda  |2 snkbucl  |9 232971 
773 0 |t Literika  |g Roč. 3, č. 2 (1998), s. 39-40  |x 1335-180X 
850 |a Slovenská národná knižnica 
852 |a Slovenská národná knižnica 
954 |a odborná, vedecká literatúra pôvodná (slovenská)  |2 lita 
958 |a article27 
958 |a LX 
958 |a SK 
958 |a OND 
958 |a EUIPO 
999 |c 2829753  |d 2831683